Central Library OPAC University of Rajshahi

Pollution control and waste management in developing countries / (Record no. 37485)

MARC details
000 -LEADER
fixed length control field 01104nam a2200313 a 4500
001 - CONTROL NUMBER
control field 37485
003 - CONTROL NUMBER IDENTIFIER
rucl marc code BD-RjUL
005 - DATE AND TIME OF LATEST TRANSACTION
control field 20211209052620.0
008 - FIXED-LENGTH DATA ELEMENTS--GENERAL INFORMATION
fixed length control field 150121s2000 enka 000 0 eng
020 ## - INTERNATIONAL STANDARD BOOK NUMBER
International Standard Book Number 0850925576 (pbk.) :
International Standard Book Number 1901127079 (SFI Publishing) :
International Standard Book Number 0850925576 (pbk.)
International Standard Book Number 1901127079 (SFI Publishing)
035 ## - SYSTEM CONTROL NUMBER
System control number 3408902
040 ## - CATALOGING SOURCE
Original cataloging agency BDS
Language of cataloging eng
Transcribing agency BDS
Modifying agency Uk
041 ## - LANGUAGE CODE
Language code of text/sound track or separate title eng
082 04 - DEWEY DECIMAL CLASSIFICATION NUMBER
Classification number 363.737091724
Edition number 21
Author mark and year POL 2000
245 00 - TITLE STATEMENT
Title Pollution control and waste management in developing countries /
Statement of responsibility, etc. edited by Rogers W'O. Okot-Uma ... [et al.].
260 ## - PUBLICATION, DISTRIBUTION, ETC. (IMPRINT)
Place of publication, distribution, etc. London :
Name of publisher, distributor, etc. Commonwealth Secretariat,
Date of publication, distribution, etc. 2000.
300 ## - PHYSICAL DESCRIPTION
Pagination xiii, 461 p. :
Illustrations ill. ;
Size 25 cm.
504 ## - BIBLIOGRAPHY, ETC. NOTE
Bibliography, etc Includes bibliographical references.
650 #0 - SUBJECT ADDED ENTRY--TOPICAL TERM
Topical term or geographic name as entry element Pollution
Geographic subdivision Developing countries.
9 (RLIN) 115133
Topical term or geographic name as entry element Refuse and refuse disposal
Geographic subdivision Developing countries
General subdivision Management.
9 (RLIN) 115134
700 1# - ADDED ENTRY--PERSONAL NAME
Personal name Okot-Uma, Rogers W'O.
710 2# - ADDED ENTRY--CORPORATE NAME
Corporate name or jurisdiction name as entry element Commonwealth Secretariat.
9 (RLIN) 115136
Corporate name or jurisdiction name as entry element Studies Forum International.
9 (RLIN) 115137
942 ## - ADDED ENTRY ELEMENTS (KOHA)
Source of classification or shelving scheme Dewey Decimal Classification
Koha item type Books
Holdings
Lost status Source of classification or shelving scheme Damaged status Not for loan Permanent Location Current Location Shelving location Date acquired Source of acquisition Total Checkouts Full call number Date last seen Copy number Koha item type
  Dewey Decimal Classification   Not For Loan Institute of Biological Sciences (IBSc) Library Institute of Biological Sciences (IBSc) Library   21/01/2015 Karim International   363.737091724 POL 2000 21/01/2015 C-1 Books